<?xml version="1.0" encoding="UTF-8"?>
<marc:record xmlns:marc="http://www.loc.gov/MARC21/slim">
   <marc:leader>00000nam a2200000 a 4500</marc:leader>
   <marc:datafield ind1=" " ind2=" " tag="653">
      <marc:subfield code="a">Spanien / Spielfilm</marc:subfield>
   </marc:datafield>
   <marc:datafield ind1=" " ind2=" " tag="653">
      <marc:subfield code="a">Roma / Sinti</marc:subfield>
   </marc:datafield>
   <marc:datafield ind1=" " ind2=" " tag="653">
      <marc:subfield code="a">Queer Cinema</marc:subfield>
   </marc:datafield>
   <marc:datafield ind1=" " ind2=" " tag="653">
      <marc:subfield code="a">LGBT</marc:subfield>
   </marc:datafield>
   <marc:datafield ind1="0" ind2="0" tag="245">
      <marc:subfield code="a">Carmen &amp; Lola [Bildtonträger]</marc:subfield>
   </marc:datafield>
   <marc:datafield ind1=" " ind2="1" tag="264">
      <marc:subfield code="a">Frankfurt</marc:subfield>
      <marc:subfield code="b">Pro-Fun Media</marc:subfield>
   </marc:datafield>
   <marc:datafield ind1="1" ind2=" " tag="520">
      <marc:subfield code="a">Trotz ihres gemeinsamen Hintergrunds als junge Romnija in Madrid könnten Carmen und Lola unterschiedlicher nicht sein. Die 17-jährige Carmen hält nicht viel von Bildung und möchte nach ihrer anstehenden Hochzeit ein Leben als Hausfrau und Mutter führen; ganz so, wie es von ihrer Familie erwartet wird. Die kaum jüngere Lola hingegen hat ganz andere Pläne. Sie besucht die Schule und will studieren, um so aus dem traditionellen Leben einer Romni auszubrechen. Und Lola macht sich nichts aus Männern. Sie bevorzugt das weibliche Geschlecht, wenn auch aus Angst vor den Reaktionen ihrer konservativen Familie nur heimlich.&#xD;
&#xD;
Ihr Interesse gilt bald der hübschen Carmen, und obwohl diese mit Lolas Cousin verlobt ist, nutzt sie jede Gelegenheit, um ihr näherzukommen. Zwischen den beiden entwickelt sich eine intime Freundschaft, die sich bald in Liebe verwandelt. Doch Tradition und Familie stellen diese verbotene Liebe auf eine harte Probe, und die beiden jungen Frauen müssen eine schwere Entscheidung treffen.</marc:subfield>
   </marc:datafield>
   <marc:datafield ind1=" " ind2=" " tag="041">
      <marc:subfield code="a">spa</marc:subfield>
   </marc:datafield>
   <marc:datafield ind1="1" ind2=" " tag="521">
      <marc:subfield code="a">FSK ab 12 freigegeben</marc:subfield>
   </marc:datafield>
   <marc:datafield ind1="1" ind2=" " tag="521">
      <marc:subfield code="a">12</marc:subfield>
   </marc:datafield>
   <marc:datafield ind1=" " ind2=" " tag="338">
      <marc:subfield code="a">Videodisk</marc:subfield>
   </marc:datafield>
   <marc:datafield ind1=" " ind2=" " tag="300">
      <marc:subfield code="a">1 DVD</marc:subfield>
   </marc:datafield>
</marc:record>
